Основы физики: учебное пособие

Xehetasun bibliografikoak
Egile nagusia: Дмитриева В. Ф. Валентина Феофановна
Beste egile batzuk: Прокофьев В. Л. Владимир Леонидович
Gaia:Данное учебное пособие является самодостаточным, так как включает в себя теоретические вопросы курса физики, изложенные с современных позиций, примеры решения задач по всем разделам курса, задачи для самостоятельного решения, а также весь необходимый справочный материал. Сделан акцент на изложение основных идей и методов физической науки. Показана роль фундаментальных экспериментов в становлении современной физики. Даны разъяснения физических явлений, основополагающих законов и понятий с целью их дальнейшего применения для решения практических задач. Для студентов высших учебных заведений, обучающихся без отрыва от производства.
Hizkuntza:errusiera
Argitaratua: Москва, Высшая школа, 2009
Edizioa:4-е изд., стер.
Gaiak:
Formatua: Liburua
KOHA link:https://koha.lib.tpu.ru/cgi-bin/koha/opac-detail.pl?biblionumber=164944

MARC

LEADER 00000nam0a2200000 4500
001 164944
005 20231101222523.0
010 |a 9785060061437 
035 |a (RuTPU)RU\TPU\book\178940 
035 |a RU\TPU\book\61850 
090 |a 164944 
100 |a 20031203d2009 m y0rusy50 ca 
101 0 |a rus 
102 |a RU 
105 |a a j 001zy 
200 1 |a Основы физики  |e учебное пособие  |f В. Ф. Дмитриева, В. Л. Прокофьев 
205 |a 4-е изд., стер. 
210 |a Москва  |c Высшая школа  |d 2009 
215 |a 528 с.  |c ил. 
320 |a Предметный указатель: с. 510-519. 
330 |a Данное учебное пособие является самодостаточным, так как включает в себя теоретические вопросы курса физики, изложенные с современных позиций, примеры решения задач по всем разделам курса, задачи для самостоятельного решения, а также весь необходимый справочный материал. Сделан акцент на изложение основных идей и методов физической науки. Показана роль фундаментальных экспериментов в становлении современной физики. Даны разъяснения физических явлений, основополагающих законов и понятий с целью их дальнейшего применения для решения практических задач. Для студентов высших учебных заведений, обучающихся без отрыва от производства. 
451 1 |0 (RuTPU)RU\TPU\book\61850  |y 5-06-003790-8  |t Основы физики  |o учебное пособие  |f В. Ф. Дмитриева, В. Л. Прокофьев  |e 3-е изд., испр. и доп.  |c М.  |n Высшая школа  |d 2003  |p 527 с.  |a Дмитриева, Валентина Феофановна 
606 1 |a Физика  |2 stltpush  |3 (RuTPU)RU\TPU\subj\63709  |9 80688 
610 1 |a механика 
610 1 |a молекулярная физика 
610 1 |a термодинамика 
610 1 |a электродинамика 
610 1 |a колебания 
610 1 |a волны 
610 1 |a волновая оптика 
610 1 |a свет 
610 1 |a интерференция 
610 1 |a дифракция 
610 1 |a поляризация 
610 1 |a тепловое излучение 
610 1 |a квантово-оптические явления 
610 1 |a учебные пособия 
675 |a 53(075.8)  |v 3 
700 1 |a Дмитриева  |b В. Ф.  |g Валентина Феофановна 
701 1 |a Прокофьев  |b В. Л.  |g Владимир Леонидович 
801 1 |a RU  |b 63413507  |c 20090911 
801 2 |a RU  |b 63413507  |c 20150513  |g RCR 
900 |a Физика 
942 |c BK 
952 |l 8 
959 |a 93/20090911  |d 22  |e 572,00  |f АНЛ:1  |f ЧЗТЛ:1  |f УФ:20